| 000 | 00486cam a2200193ua 4500 | ||
|---|---|---|---|
| 020 |
_a81-7133-249-8 _c44.00 |
||
| 041 |
_aeng _h |
||
| 082 |
_a574.192 _bSRI/EL |
||
| 100 | _aSrivastava, H.S . | ||
| 245 |
_aElements of biochemistry / _cH.S Srivastava. _hTextual Documents |
||
| 250 |
_a3 / _b. |
||
| 260 |
_aMeerut : _bRastogi Publications , _c1995. |
||
| 300 | _a272 ; . | ||
| 365 | _a44.00 | ||
| 500 | _a19012-Scheme | ||
| 504 | _a | ||
| 942 | _cBK | ||
| 999 |
_c7646 _d7646 |
||